|
|
|
|
| LEADER |
00000cam a2200000 7i4500 |
| 001 |
0000001407 |
| 005 |
20151222.0 |
| 008 |
070718 |
| 020 |
|
|
|a 9832746183(set)
|
| 020 |
|
|
|a 983274623X
|
| 090 |
0 |
0 |
|a JF
|b NS ENG (1615)
|
| 100 |
0 |
|
|a Lisa, R
|
| 245 |
1 |
0 |
|a Gordon the tank engine :
|b Other stories
|c R.Lisa
|
| 260 |
|
|
|a Petaling Jaya :
|b Edu Tech Publisher ,
|c 2005
|
| 300 |
|
|
|a Volume 5
|
| 440 |
|
|
|a Rainbow contemporary readers
|
| 500 |
|
|
|a Children ages 7-9 years old (orange)
|
| 650 |
|
0 |
|a Rhymes
|x Fiction
|
| 999 |
|
|
|a 0000914017
|b Book
|c Teenagers
|e Cawangan Bandar Tenggara
|
| 999 |
|
|
|a 0000914018
|b Book
|c Teenagers
|e Cawangan Bandar Tenggara
|
| 999 |
|
|
|a 0000964766
|b Book
|c Children Collection
|e Cawangan Tmn. Ungku Tun Aminah
|
| 999 |
|
|
|a 0000964767
|b Book
|c Children Collection
|e Cawangan Bandar Penawar
|
| 999 |
|
|
|a 0000964768
|b Book
|c Children Collection
|e Cawangan Bukit Gambir
|
| 999 |
|
|
|a 0000966428
|b Book
|c Children Collection
|e Cawangan Pontian
|
| 999 |
|
|
|a 0000966429
|b Book
|c Children Collection
|e Cawangan Sri Merlong
|
| 999 |
|
|
|a 0000966430
|b Book
|c Children Collection
|e Perbadanan Perpustakaan Awam Johor
|
| 999 |
|
|
|a 0000966431
|b Book
|c Children Collection
|e Perbadanan Perpustakaan Awam Johor
|
| 999 |
|
|
|a 0001049789
|b Book
|c Children Collection
|e Cawangan Taman Universiti
|